书目信息 |
| 题名: |
手搏
|
|
| 作者: | 唐峰 著 | |
| 分册: | ||
| 出版信息: | 百花文艺 2008.02 |
|
| 页数: | 223页 | |
| 开本: | 26cm | |
| 丛书名: | ||
| 单 册: | ||
| 中图分类: | G852.4 | |
| 科图分类: | ||
| 主题词: | 武术 , 民族形式体育 | |
| 电子资源: | ||
| ISBN: | 978-7-5306-4891-9 | |
| 000 | 00699nam0 2200253 45 | |
| 001 | 0942056672 | |
| 005 | 20091026114229.43 | |
| 010 | @a978-7-5306-4891-9@dCNY36.00 | |
| 100 | @a20090515d2008 ekmy0 y0120 ea | |
| 102 | @aCN@b130000 | |
| 102 | @aCN@b120000 | |
| 105 | @ay z 000yy | |
| 200 | 1 | @a手搏@Ashou bo@e强体炼志自卫手册@f唐峰著@Ftang feng zhu |
| 210 | @c百花文艺@d2008.02 | |
| 210 | @a天津@c百花文艺出版社 | |
| 215 | @a223页@d26cm | |
| 517 | 1 | @a强体炼志自卫手册@Aqiang ti lian zhi zi wei shou ce |
| 606 | 0 | @a武术 |
| 606 | 0 | @a民族形式体育 |
| 690 | @aG852.4@v4 | |
| 701 | 0 | @a唐峰@Atang feng@4著 |
| 801 | 0 | @aCN@c20091026 |
| 905 | @a10447@dG852.4@eT232 | |
| 906 | @d36@n3@r1 | |
| 手搏:强体炼志自卫手册/唐峰著.-百花文艺,2008.02.-天津:百花文艺出版社 |
| 223页;26cm |
| ISBN 978-7-5306-4891-9:CNY36.00 |
| ● |
| 相关链接 |
|
|
|
正题名:手搏
索取号:G852.4/T232
 
预约/预借
| 序号 | 登录号 | 条形码 | 馆藏地/架位号 | 状态 | 备注 |
| 1 | 659824 | 206598243 | 社科库409/409社科库 26排1列5层/ [索取号:G852.4/T232] | 在馆 | |
| 2 | 659825 | 206598252 | 社科库409/409社科库 26排1列5层/ [索取号:G852.4/T232] | 在馆 | |
| 3 | 659826 | 206598261 | 社科库409/409社科库 26排1列5层/ [索取号:G852.4/T232] | 在馆 |